[Event "Pan American-ch U14 27th"]
[Site "Montevideo"]
[Date "2016.07.31"]
[Round "9"]
[White "Liu, Kevin"]
[Black "Quirhuayo Chumbe, German Gonzalo"]
[Result "0-1"]
[WhiteElo "1846"]
[BlackElo "2215"]
[PlyCount "60"]
[EventDate "2016.07.25"]
[EventType "swiss"]
[EventRounds "9"]
[EventCountry "URU"]
[SourceTitle "EXT 2017"]
[Source "ChessBase"]
[SourceDate "2016.10.25"]
[SourceVersion "1"]
[SourceVersionDate "2016.10.25"]
[SourceQuality "1"]

1. d4 Nf6 2. c4 e6 3. Nc3 Bb4 4. Qc2 0-0 5. Nf3 Bxc3+ 6. Qxc3 b5 7. e3 bxc4 8. Bxc4 Bb7 9. Be2 d6 10. 0-0 Nbd7 11. b3 Ne4 12. Qc2 f5 13. Bc4 Qe7 14. Ba3 Rf6 15. Nd2 Rh6 16. f3 Nxd2 17. Qxd2 Nf6 18. Qd3 Kh8 19. Ba6 Bxa6 20. Qxa6 Nd5 21. Qd3 Qh4 22. h3 Qg3 23. Qe2 Rxh3 24. Qe1 Qh2+ 25. Kf2 Rg3 26. Rg1 f4 27. Bc1 fxe3+ 28. Bxe3 Rf8 29. Qf1 Rgxf3+ 30. Ke2 Rxe3+ 0-1

[Event "Dallas UT Fall op"]
[Site "Dallas"]
[Date "2015.11.22"]
[Round "4"]
[White "Pamatmat, Jarod John Munda"]
[Black "Liu, Kevin"]
[Result "1-0"]
[WhiteElo "2232"]
[BlackElo "1665"]
[PlyCount "93"]
[EventDate "2015.11.20"]
[EventType "swiss"]
[EventRounds "9"]
[EventCountry "USA"]
[SourceTitle "CBM 169 Extra"]
[Source "ChessBase"]
[SourceDate "2015.12.18"]
[SourceVersion "1"]
[SourceVersionDate "2015.12.18"]
[SourceQuality "1"]

1. d4 Nf6 2. Nf3 d5 3. c4 e6 4. e3 c6 5. b3 Bb4+ 6. Nbd2 Nbd7 7. Bd3 Ne4 8. a3 Bc3 9. Ra2 Ba5 10. Qc2 Nxd2 11. Nxd2 Nf6 12. 0-0 0-0 13. Nf3 Bc7 14. Bb2 h6 15. Ne5 Nd7 16. f4 Nxe5 17. dxe5 Bb6 18. c5 Bc7 19. Rf3 Qe8 20. Rg3 Bd8 21. Qc3 f6 22. exf6 Bxf6 23. Qxf6 Rxf6 24. Bxf6 Qf7 25. Rxg7+ Qxg7 26. Bxg7 Kxg7 27. e4 Bd7 28. e5 Rf8 29. Rf2 b6 30. g4 bxc5 31. f5 Kg8 32. f6 Kf7 33. h4 Rg8 34. Rg2 Be8 35. g5 hxg5 36. hxg5 Rh8 37. g6+ Kg8 38. Rh2 Rxh2 39. Kxh2 Kf8 40. Kg3 a5 41. a4 Kg8 42. Kf4 Kf8 43. Kg5 Kg8 44. g7 c4 45. Bg6 c3 46. Bxe8 c2 47. Kg6 1-0